00903cam a2200277 450000100100000000500170001000800410002701000130006801500140008102000150009504000230011005000200013310000440015324500640019725000120026126000300027330000540030350000270035750400310038465000240041591000280043908200120046735000110047995201180049099900170060800001154320200929162503.0690903s1969 enkaf b 001 0 eng  a72404546 aB69-09054 a0273402862 aDO-SdBNPcDLCdDLC00aTA775b.T6 19691 aTomlinson, M. J.q(Michael John)92730310aFoundation design and construction /c[by] M. J. Tomlinson. a2nd ed. aLondon, :bPitman,c1969. axiv, 785 p. :b16 plates, illus. index. ;c23 cm. aText on lining papers. aBibliographical footnotes. 0aFoundations.927304 aCatalogación derivada00a624/.15 a5/10/- 001052708MOaGRbGRcCTd2009-10-20iLF1l0o624/.15 p11543-10r2020-06-25w2020-06-25y2ZPréstamo interno c11238d11238